000 00950nam a22002297a 4500
005 20240530110627.0
008 170109s2015 ua abhkg b 000 0 ara d
017 _a1926/2015
_bمصر. دار الكتب
020 _a9789772739055
040 _aEG-CaGPL
_cEG-CaGPL
082 0 4 _221
_a939.4\
_bع ت
100 0 _aعبدالمنعم عبدالحليم
245 1 0 _aتاريخ و اثار الجزيرة العربية القديمة /
_cعبدالمنعم عبدالحليم ، حسين الشيخ
260 _aالاسكندرية :
_bدار المعرفة الجامعية ،
_c2015.
300 _a286 ص. :
_bايض ؛
_c24 سم.
504 _aيشتمل على ارجاعات ببليوجرافية
650 _2qrmak
651 0 7 _2qrmak
_aشبة الجزيرة العربية
_xتاريخ قديم
651 0 7 _2qrmak
_aشبة الجزيرة العربية
_xاثار
942 _2ddc
_cBK
999 _c63181
_d63181